কুতুব মামা সমগ্র / (Record no. 258221)
[ view plain ]
| 000 -LEADER | |
|---|---|
| fixed length control field | 00749nam a22002057a 4500 |
| 003 - CONTROL NUMBER IDENTIFIER | |
| control field | BD-DhUL |
| 005 - DATE AND TIME OF LATEST TRANSACTION | |
| control field | 20230503103126.0 |
| 008 - FIXED-LENGTH DATA ELEMENTS--GENERAL INFORMATION | |
| fixed length control field | 230405s2021 bg a|||| |||| 00| 0 ben |
| 020 ## - INTERNATIONAL STANDARD BOOK NUMBER | |
| International Standard Book Number | 9789849451372 (hbk) |
| 040 ## - CATALOGING SOURCE | |
| Original cataloging agency | BD-DhUL |
| Transcribing agency | BD-DhUL |
| 082 ## - DEWEY DECIMAL CLASSIFICATION NUMBER | |
| Classification number | 891.4430872 |
| Item number | FEK |
| 100 1# - MAIN ENTRY--PERSONAL NAME | |
| Personal name | ফেরদৌস, গালিব |
| 245 00 - TITLE STATEMENT | |
| Title | কুতুব মামা সমগ্র / |
| Statement of responsibility, etc. | গালিব ফেরদৌস । |
| 260 ## - PUBLICATION, DISTRIBUTION, ETC. (IMPRINT) | |
| Place of publication, distribution, etc. | ঢাকা : |
| Name of publisher, distributor, etc. | সাম্প্রতিক, |
| Date of publication, distribution, etc. | ২০২১ । |
| 300 ## - PHYSICAL DESCRIPTION | |
| Extent | ১২৮ পৃ. : |
| Other physical details | চিত্র ; |
| Dimensions | ২২ সেমি. |
| 365 ## - TRADE PRICE | |
| Price type code | BDT |
| Price amount | 250.00 |
| 650 #4 - SUBJECT ADDED ENTRY--TOPICAL TERM | |
| Topical term or geographic name as entry element | বাংলা গোয়েন্দা গল্প । |
| 650 #4 - SUBJECT ADDED ENTRY--TOPICAL TERM | |
| Topical term or geographic name as entry element | Bengali detective story. |
| 942 ## - ADDED ENTRY ELEMENTS (KOHA) | |
| Source of classification or shelving scheme | |
| Koha item type | Books |
| Price effective from | Date last seen | Permanent Location | Not for loan | Date acquired | Source of classification or shelving scheme | Koha item type | Lost status | Withdrawn status | Copy number | Source of acquisition | Collection code | Damaged status | Shelving location | Barcode | Current Location | Full call number |
|---|---|---|---|---|---|---|---|---|---|---|---|---|---|---|---|---|
| 2023-04-05 | 2023-04-05 | Dhaka University Library | 2023-01-29 | Books | 1 | Gift | Non Fiction | General Stacks | 511017 | Dhaka University Library | 891.4430872 FEK | |||||
| 2023-04-05 | 2023-04-05 | Dhaka University Library | 2023-01-29 | Books | 2 | Gift | Non Fiction | General Stacks | 511018 | Dhaka University Library | 891.4430872 FEK |
